=LDR 00000nam 2200000 4500 =001 INLIS000000000036582 =005 20130612142347 =008 ***********************************Ind** =035 ##$$0010-061300000036582 =041 ##$$a Ind =082 ##$$a 028.5 =090 ##$$a 028.5, Far t =100 ##$$a Farr, Michael =245 ##$$a Tinn, astaganaga, Michael farr, alih bahasa, Donna Widjajanto ; editor, Dini Pandia =260 ##$$a Utama $b Jakarta =300 ##$$a 42 hlm, ilus, 21 cm =650 ##$$a Bacaan kanak-kanak =700 ##$$a Widjajanto, Donna =850 ##$$a NBPNMAT